[Event "Bad Woerishofen op"]
[Site "?"]
[Date "2005.03.06"]
[Round "4"]
[White "Ballon, Guenther Jan"]
[Black "Hedke, Fred"]
[Result "1/2-1/2"]
[WhiteElo "2179"]
[BlackElo "2337"]
[PlyCount "84"]

1. d4 d5 2. Nf3 Nf6 3. c4 e6 4. e3 Be7 5. Nc3 O-O 6. Bd3 b6 7. O-O Bb7 8. Qe2
a6 9. b3 Nbd7 10. Bb2 Ne4 11. Rac1 Bd6 12. cxd5 exd5 13. Qc2 Qe7 14. Ne2 Rac8
15. Qb1 f5 16. Qa1 Rfe8 17. a3 g6 18. Rfd1 c6 19. Rc2 a5 20. Qc1 Qf6 21. Ng3 h5
22. Ne1 h4 23. Nf1 Bb8 24. a4 g5 25. f3 Nd6 26. Re2 Rf8 27. Qb1 Rce8 28. Ba3
Rf7 29. Bb2 Nf8 30. Qc2 Ne6 31. Rf2 Nf8 32. Qc3 Bc7 33. Qc2 Nc8 34. Bc3 Ne7 35.
Bb2 Bc8 36. Bc3 Bd7 37. Qd2 Neg6 38. Nc2 Bd6 39. Re1 Qd8 40. Rfe2 Bc7 41. Na3
Qf6 42. Qc1 Bd6 1/2-1/2

[Event "Bad Woerishofen op"]
[Site "?"]
[Date "2005.03.06"]
[Round "4"]
[White "Pirrot, Dieter"]
[Black "Postny, Evgeny"]
[Result "0-1"]
[WhiteElo "2401"]
[BlackElo "2557"]
[PlyCount "88"]

1. e4 e5 2. Nf3 Nc6 3. d4 exd4 4. c3 dxc3 5. Bc4 d6 6. Nxc3 Nf6 7. Qb3 Qd7 8.
Ng5 Ne5 9. Bb5 c6 10. f4 Neg4 11. Be2 h6 12. Nf3 d5 13. h3 d4 14. hxg4 dxc3 15.
Ne5 Qe7 16. Bc4 Be6 17. Bxe6 Qxe6 18. Qxb7 Rd8 19. bxc3 Bc5 20. Qxc6+ Qxc6 21.
Nxc6 Rc8 22. e5 Ne4 23. Nd4 Nxc3 24. Nb3 Bb6 25. Ba3 Nd5 26. f5 Rc2 27. Rf1 Ne3
28. Rf3 Rc4 29. Rxe3 Bxe3 30. Bd6 Rxg4 31. Ke2 Bb6 32. a4 Rxg2+ 33. Kd3 Rg3+
34. Kc4 Kd7 35. Rd1 Rc8+ 36. Kb4 Ke8 37. a5 Bf2 38. a6 h5 39. Na5 h4 40. Nb7
Rg1 41. Rd5 Rb1+ 42. Ka3 Ra1+ 43. Kb3 Rxa6 44. Bb4 Rb8 0-1

[Event "Bad Woerishofen op"]
[Site "?"]
[Date "2005.03.06"]
[Round "4"]
[White "Behl, Dr. Torsten"]
[Black "Wang, Yu"]
[Result "0-1"]
[WhiteElo "2079"]
[BlackElo "2390"]
[PlyCount "80"]

1. e4 e5 2. d4 exd4 3. Qxd4 Nc6 4. Qe3 Nf6 5. Bd2 Bb4 6. a3 Bxd2+ 7. Nxd2 O-O
8. f4 d5 9. O-O-O Qe7 10. e5 Ng4 11. Qe1 Qc5 12. Nb3 Qb6 13. Nh3 a5 14. Qc3 Rd8
15. Qc5 Qxc5 16. Nxc5 Ne3 17. Rd2 b6 18. Nb3 a4 19. Nd4 Nxd4 20. Rxd4 c5 21.
Rd2 Bxh3 22. gxh3 d4 23. Be2 Kf8 24. Rg1 g6 25. Rg3 Ke7 26. c3 f6 27. exf6+
Kxf6 28. Bb5 Nf5 29. Rgd3 Ra5 30. c4 Nd6 31. b4 axb3 32. Rxb3 Nxb5 33. cxb5
Rda8 34. Ra2 Kf5 35. Kd1 Kxf4 36. Rf2+ Ke4 37. Rf7 Rxa3 38. Rxa3 Rxa3 39. Rxh7
Kd3 40. Kc1 c4 0-1

[Event "Bad Woerishofen op"]
[Site "?"]
[Date "2005.03.06"]
[Round "4"]
[White "Hornung, Dr. Hans"]
[Black "Heika, Martin"]
[Result "1/2-1/2"]
[WhiteElo "2203"]
[BlackElo "2364"]
[PlyCount "92"]

1. Nf3 Nf6 2. c4 e6 3. Nc3 d5 4. d4 Be7 5. Bg5 h6 6. Bxf6 Bxf6 7. Qb3 dxc4 8.
Qxc4 O-O 9. e4 Nd7 10. e5 Be7 11. Rd1 a6 12. Bd3 b5 13. Qc6 Rb8 14. Qe4 g6 15.
h4 Bb7 16. Qg4 h5 17. Qg3 Kg7 18. Ne4 Bxe4 19. Bxe4 c5 20. O-O Qc7 21. d5 exd5
22. Rxd5 Rfe8 23. e6 Qxg3 24. fxg3 Nf6 25. exf7 Kxf7 26. Ng5+ Kg7 27. Re5 Nxe4
28. Rf7+ Kg8 29. Rfxe7 Rxe7 30. Rxe7 Nxg5 31. hxg5 Rb6 32. Kf2 Rd6 33. Ra7 Re6
34. b3 Kf8 35. Kf3 Ke8 36. g4 hxg4+ 37. Kxg4 Kd8 38. Kf4 c4 39. bxc4 bxc4 40.
Rb7 Rc6 41. Rb2 Kd7 42. Ke5 Rc5+ 43. Kf6 Rc6+ 44. Ke5 c3 45. Rc2 Rc4 46. Kf6
Rc6+ 1/2-1/2

[Event "Bad Woerishofen op"]
[Site "?"]
[Date "2005.03.06"]
[Round "4"]
[White "Vogel, Jaap"]
[Black "Vossenkuhl, Joachim"]
[Result "1-0"]
[WhiteElo "2283"]
[BlackElo "2145"]
[PlyCount "67"]
[EventDate "2005.03.04"]

1. Nf3 Nf6 2. g3 d5 3. Bg2 Bg4 4. b3 c6 5. Bb2 Nbd7 6. c4 e6 7. O-O Bd6 8. d4
O-O 9. Nbd2 Qe7 10. Ne5 Bf5 11. h3 a5 12. g4 Bg6 13. f4 Ne4 14. e3 Nxd2 15.
Qxd2 f5 16. g5 Nxe5 17. dxe5 Bc5 18. Qe2 b5 19. Bd4 bxc4 20. bxc4 Rfb8 21. cxd5
cxd5 22. Bxc5 Qxc5 23. Rfc1 Qa3 24. Rc2 Rc8 25. Re1 Bf7 26. Qd2 g6 27. Rec1
Rxc2 28. Rxc2 Rb8 29. Bf1 Rb1 30. Kf2 Qb4 31. Qxb4 axb4 32. Bd3 Kg7 33. Rd2 Rh1
34. Bf1 1-0

[Event "Bad Woerishofen op"]
[Site "?"]
[Date "2005.03.06"]
[Round "4"]
[White "Kveinys, Aloyzas"]
[Black "Kroencke, Manfred"]
[Result "1-0"]
[WhiteElo "2518"]
[BlackElo "2182"]
[PlyCount "85"]
[EventDate "2005.03.04"]

1. d4 d5 2. c4 e6 3. Nc3 Nf6 4. cxd5 exd5 5. Bg5 c6 6. e3 Be7 7. Bd3 Nbd7 8.
Nf3 O-O 9. Qc2 Re8 10. h3 Nf8 11. Bf4 Bd6 12. Bxd6 Qxd6 13. O-O-O Be6 14. Kb1
Rac8 15. Rc1 Qb8 16. Na4 Ne4 17. g4 Re7 18. Nc5 Rce8 19. Nxe6 Rxe6 20. g5 f5
21. Ne5 Ng6 22. f4 Nxe5 23. fxe5 Qd8 24. h4 Qe7 25. a3 g6 26. Qg2 Rc8 27. Bxe4
dxe4 28. h5 Rc7 29. Rh4 Qd8 30. Rf1 Rg7 31. hxg6 hxg6 32. Rfh1 Kf7 33. Rh8 Re8
34. Rxe8 Qxe8 35. Qc2 Qe6 36. Qa4 a6 37. Qb4 Kg8 38. Qb6 Qe7 39. Qb3+ Rf7 40.
e6 Rh7 41. Rd1 Rh5 42. d5 cxd5 43. Qxd5 1-0

[Event "Bad Woerishofen op"]
[Site "?"]
[Date "2005.03.06"]
[Round "4"]
[White "Tiviakov, Sergei"]
[Black "Espig, Lutz"]
[Result "1-0"]
[WhiteElo "2627"]
[BlackElo "2432"]
[PlyCount "95"]
[EventDate "2005.03.04"]

1. e4 c5 2. c3 d5 3. exd5 Qxd5 4. d4 e6 5. Nf3 Nf6 6. Na3 Qd8 7. Nc2 Nc6 8. Bd3
Be7 9. O-O O-O 10. Qe2 b6 11. dxc5 bxc5 12. Bf4 Qb6 13. Na3 Na5 14. Ne5 Bb7 15.
Bg5 Rad8 16. Rad1 Ba8 17. Rfe1 Nc6 18. Nac4 Qb7 19. Nxc6 Qxc6 20. f3 Qc7 21.
Qe5 Qxe5 22. Nxe5 Rd5 23. Bc4 Rxd1 24. Rxd1 Rd8 25. Rxd8+ Bxd8 26. Nd3 Bb6 27.
Be3 Nd7 28. Bb5 c4 29. Kf2 cxd3 30. Bxd7 d2 31. Ba4 Bd5 32. Bxb6 axb6 33. a3 e5
34. Ke3 Kf8 35. Bc2 f5 36. Kxd2 g6 37. h4 Ke7 38. Bd3 Kf6 39. c4 Bc6 40. b4 h6
41. b5 Bb7 42. a4 Ke7 43. c5 bxc5 44. a5 Kd6 45. Bc4 Bc8 46. b6 Kc6 47. Kd3 g5
48. h5 1-0

[Event "Bad Woerishofen op"]
[Site "?"]
[Date "2005.03.07"]
[Round "5"]
[White "Postny, Evgeny"]
[Black "Tiviakov, Sergei"]
[Result "1/2-1/2"]
[WhiteElo "2557"]
[BlackElo "2627"]
[PlyCount "24"]

1. Nf3 Nf6 2. c4 b6 3. g3 e6 4. Bg2 Bb7 5. Nc3 Be7 6. d4 Ne4 7. Bd2 f5 8. O-O
O-O 9. Qc2 Bf6 10. Rad1 Nxc3 11. Bxc3 Be4 12. Qd2 d6 1/2-1/2

[Event "Bad Woerishofen op"]
[Site "?"]
[Date "2005.03.07"]
[Round "5"]
[White "Drabke, Lorenz"]
[Black "Michalczak, Thomas"]
[Result "1/2-1/2"]
[WhiteElo "2456"]
[BlackElo "2376"]
[PlyCount "29"]

1. e4 e5 2. Bc4 Nf6 3. d3 Nc6 4. Nc3 Na5 5. Qf3 Nxc4 6. dxc4 Bb4 7. Nge2 d6 8.
h3 Be6 9. b3 Nd7 10. O-O O-O 11. Ng3 Qf6 12. Qd3 Nc5 13. Qe3 Bxc3 14. Qxc3 Qg6
15. Qf3 1/2-1/2

[Event "Bad Woerishofen op"]
[Site "?"]
[Date "2005.03.07"]
[Round "5"]
[White "Savchenko, Stanislav"]
[Black "Khurtsidze, Nino"]
[Result "1/2-1/2"]
[WhiteElo "2505"]
[BlackElo "2400"]
[PlyCount "37"]

1. d4 Nf6 2. c4 e6 3. Nc3 d5 4. cxd5 exd5 5. Bg5 Nbd7 6. e3 Be7 7. Bd3 c6 8.
Qc2 Nh5 9. Bxe7 Qxe7 10. Nge2 Nb6 11. O-O g6 12. Rae1 O-O 13. Na4 Nxa4 14. Qxa4
Ng7 15. Ng3 h5 16. e4 dxe4 17. Nxe4 Nf5 18. Nc5 Qc7 19. Nb3 1/2-1/2

[Event "Bad Woerishofen op"]
[Site "?"]
[Date "2005.03.07"]
[Round "5"]
[White "Colovic, Aleksandar"]
[Black "Siebrecht, Sebastian"]
[Result "1/2-1/2"]
[WhiteElo "2404"]
[BlackElo "2408"]
[PlyCount "39"]

1. e4 c5 2. Nf3 e6 3. d4 cxd4 4. Nxd4 a6 5. Nc3 Qc7 6. Bd3 Nf6 7. f4 d6 8. O-O
b5 9. Kh1 Bb7 10. e5 dxe5 11. fxe5 Qxe5 12. Bf4 Qc5 13. Nb3 Qb6 14. Qe2 Nbd7
15. Rad1 Be7 16. Be3 Qc7 17. Bf4 Qb6 18. Be3 Qc7 19. Bf4 Qb6 20. Be3 1/2-1/2

[Event "Bad Woerishofen op"]
[Site "?"]
[Date "2005.03.07"]
[Round "5"]
[White "Tscharotschkin, Michael"]
[Black "Pitl, Gregory"]
[Result "1-0"]
[WhiteElo "2202"]
[BlackElo "2296"]
[PlyCount "49"]

1. e4 c5 2. c3 Nf6 3. e5 Nd5 4. d4 cxd4 5. cxd4 e6 6. Nc3 Nxc3 7. bxc3 Qc7 8.
Bd2 b6 9. Nf3 d6 10. Bd3 Bb7 11. O-O Nd7 12. Ng5 dxe5 13. f4 e4 14. Nxe4 Nf6
15. Qe2 Bd6 16. Bb5+ Bc6 17. Rae1 O-O-O 18. Nxd6+ Qxd6 19. f5 exf5 20. Bf4 Qd5
21. Bxc6 Qxc6 22. Qa6+ Qb7 23. Qc4+ Kd7 24. Qxf7+ Kc8 25. Qc4+ 1-0

[Event "Bad Woerishofen op"]
[Site "?"]
[Date "2005.03.07"]
[Round "5"]
[White "Regatschnig, Horst"]
[Black "Woerl, Richard"]
[Result "0-1"]
[WhiteElo "1860"]
[BlackElo "2073"]
[PlyCount "64"]

1. Nf3 d5 2. d4 Bf5 3. e3 Nf6 4. Bd3 Bg6 5. O-O Nbd7 6. b3 e6 7. Bb2 Bh5 8.
Nbd2 Bd6 9. Be2 c6 10. c4 O-O 11. Ne5 Bxe2 12. Qxe2 Ne4 13. Nxd7 Qxd7 14. f3
Nxd2 15. Qxd2 dxc4 16. bxc4 Qc7 17. f4 c5 18. d5 exd5 19. cxd5 Rfe8 20. Qc3 f6
21. Rf3 Re4 22. Rg3 Kf8 23. h4 Rae8 24. h5 h6 25. Rf1 b5 26. a3 a5 27. Rff3 c4
28. Rg6 b4 29. axb4 axb4 30. Qc1 c3 31. Ba1 Rxe3 32. Rxe3 Rxe3 0-1

[Event "Bad Woerishofen sen"]
[Site "?"]
[Date "2005.03.07"]
[Round "5"]
[White "Wild, Gerhard"]
[Black "Fahnenschmidt, Dr. Gert"]
[Result "0-1"]
[WhiteElo "2062"]
[BlackElo "2160"]
[PlyCount "102"]

1. d4 Nf6 2. Nf3 c5 3. c4 cxd4 4. Nxd4 e5 5. Nf3 e4 6. Nd4 d5 7. e3 Nc6 8. Nxc6
bxc6 9. Be2 Bd6 10. Nc3 O-O 11. O-O Qe7 12. cxd5 Qe5 13. g3 cxd5 14. Nb5 Bc5
15. Nd4 Bh3 16. Re1 Rfc8 17. Nb3 Bb6 18. Nd4 Bxd4 19. exd4 Qf5 20. Be3 Bg4 21.
Kg2 Rc6 22. Bxg4 Nxg4 23. Rc1 Rxc1 24. Qxc1 Rc8 25. Qd1 h5 26. h3 Nf6 27. Qe2
g5 28. Rc1 Rxc1 29. Bxc1 g4 30. h4 Qf3+ 31. Qxf3 gxf3+ 32. Kf1 Kf8 33. Ke1 Ke8
34. Kd1 Kd7 35. Bd2 Ng4 36. Ke1 Kc6 37. a4 a6 38. b4 f5 39. Bg5 Kd7 40. Bd2 Ke7
41. Bg5+ Kd7 42. Bd2 Nf6 43. Bg5 Ne8 44. Bf4 Ng7 45. Be3 Kc6 46. Bd2 Ne6 47.
Bc3 f4 48. g4 hxg4 49. h5 e3 50. h6 g3 51. h7 g2 0-1

[Event "Bad Woerishofen op"]
[Site "?"]
[Date "2005.03.07"]
[Round "5"]
[White "Markzitser, Dimitri"]
[Black "Oud, Nick"]
[Result "1-0"]
[WhiteElo "2220"]
[BlackElo "2109"]
[PlyCount "53"]

1. d4 d5 2. Nf3 Nf6 3. c4 e6 4. Nc3 Be7 5. Bg5 h6 6. Bxf6 Bxf6 7. e3 O-O 8. Qb3
c6 9. O-O-O Nd7 10. e4 dxe4 11. Nxe4 Qe7 12. Qe3 Re8 13. Nxf6+ Nxf6 14. Ne5 Bd7
15. g4 Rad8 16. h4 Nh7 17. f4 f6 18. Ng6 Qf7 19. Bd3 e5 20. Qe4 f5 21. gxf5
exd4 22. Ne5 Qh5 23. c5 Nf6 24. Qg2 Bxf5 25. Be2 Bg4 26. Bxg4 Nxg4 27. Rdg1 1-0

[Event "Bad Woerishofen op"]
[Site "?"]
[Date "2005.03.07"]
[Round "5"]
[White "Slaby, Jerzy"]
[Black "Zhang, Pengxiang"]
[Result "1/2-1/2"]
[WhiteElo "2401"]
[BlackElo "2560"]
[PlyCount "65"]

1. e4 c5 2. Nf3 Nc6 3. Bb5 g6 4. O-O Bg7 5. Re1 Nf6 6. e5 Nd5 7. Nc3 Nc7 8.
Bxc6 dxc6 9. Ne4 Ne6 10. d3 Qc7 11. Be3 b6 12. Neg5 h6 13. Nxe6 Bxe6 14. h3 Rd8
15. b3 c4 16. bxc4 Bxc4 17. Qe2 Bd5 18. Bf4 Qd7 19. Qe3 c5 20. Nh2 h5 21. a4
Qc6 22. f3 O-O 23. Bh6 c4 24. Bxg7 Kxg7 25. d4 c3 26. Ra3 Be6 27. Rd1 Rd7 28.
Nf1 Rc8 29. Ng3 Qc4 30. Nxh5+ gxh5 31. Qg5+ Kf8 32. Qh6+ Kg8 33. Qg5+ 1/2-1/2

[Event "Bad Woerishofen op"]
[Site "?"]
[Date "2005.03.07"]
[Round "5"]
[White "Garbe, Ralf"]
[Black "Kummerow, Heiko"]
[Result "0-1"]
[WhiteElo "2195"]
[BlackElo "2292"]
[PlyCount "66"]

1. d4 f5 2. c4 Nf6 3. Nc3 d6 4. Nf3 g6 5. b4 Bg7 6. Bb2 O-O 7. e3 Qe8 8. Qb3 c6
9. c5+ Kh8 10. Be2 Na6 11. O-O Nc7 12. Nd2 Be6 13. Qc2 Nfd5 14. a3 Nxc3 15.
Bxc3 Nd5 16. Bb2 Qd7 17. Nc4 Rae8 18. Rfe1 Nf6 19. Bf1 Bxc4 20. Bxc4 d5 21. Bd3
Qc7 22. f3 e6 23. b5 Nh5 24. f4 Nf6 25. Qa4 Ra8 26. Bc3 g5 27. g3 gxf4 28. gxf4
Rg8 29. Kh1 cxb5 30. Qxb5 Ng4 31. Re2 Bf6 32. h3 Nxe3 33. Rxe3 Qxf4 0-1

[Event "Bad Woerishofen op"]
[Site "?"]
[Date "2005.03.07"]
[Round "5"]
[White "Wang, Yu"]
[Black "Graf, Christian"]
[Result "1-0"]
[WhiteElo "2380"]
[BlackElo "2183"]
[PlyCount "43"]

1. e4 c6 2. d4 d5 3. f3 e6 4. Nc3 Bb4 5. Bf4 Nf6 6. Qd3 b6 7. Nge2 Ba6 8. Qe3
Nbd7 9. O-O-O h6 10. h4 Qc8 11. Ng3 Bxf1 12. Rhxf1 Bxc3 13. Qxc3 Qb7 14. Qa3 g6
15. Rfe1 dxe4 16. fxe4 Nh5 17. Nxh5 gxh5 18. d5 Nc5 19. dxc6 Qxc6 20. Qc3 Rg8
21. b4 Rxg2 22. bxc5 1-0

[Event "Bad Woerishofen op"]
[Site "?"]
[Date "2005.03.07"]
[Round "5"]
[White "Loew, Gerald"]
[Black "Gutman, Lev"]
[Result "0-1"]
[WhiteElo "2265"]
[BlackElo "2461"]
[PlyCount "48"]

1. d4 Nf6 2. Nc3 d5 3. Bg5 Nbd7 4. e3 g6 5. f4 Bg7 6. Nf3 O-O 7. Bd3 c5 8. O-O
cxd4 9. exd4 Nb6 10. Qe1 Nc4 11. b3 Nd6 12. Bxf6 exf6 13. Nxd5 Bg4 14. Rd1 Re8
15. Qb4 f5 16. c3 Ne4 17. Bc4 Rb8 18. Qb5 a6 19. Qb6 Qxb6 20. Nxb6 Nxc3 21. Rd2
Ne4 22. Rd3 Bxf3 23. Rfxf3 Rbd8 24. d5 Rd6 0-1

[Event "Bad Woerishofen op"]
[Site "?"]
[Date "2005.??.07"]
[Round "5"]
[White "Kleinegger, Frank"]
[Black "Mainka, Romuald"]
[Result "1-0"]
[WhiteElo "2245"]
[BlackElo "2454"]
[PlyCount "53"]

1. e4 c5 2. Nf3 e6 3. d4 cxd4 4. Nxd4 a6 5. Bd3 Nf6 6. O-O Qc7 7. Nc3 b5 8. Qe2
Bb7 9. a3 d6 10. Bd2 Nbd7 11. f4 Be7 12. Kh1 O-O 13. Rf3 Rfe8 14. Rh3 Bf8 15.
Rf1 g6 16. e5 Nd5 17. Nf3 dxe5 18. fxe5 Bg7 19. Rxh7 Kxh7 20. Ng5+ Kg8 21. Rxf7
Qxe5 22. Qg4 Re7 23. Bxg6 Rxf7 24. Bxf7+ Kf8 25. Nxd5 Rc8 26. Bb4+ Nc5 27. Bxe6
1-0

[Event "Bad Woerishofen op"]
[Site "?"]
[Date "2005.03.07"]
[Round "5"]
[White "Goris, Ton"]
[Black "Poulsen, Martin"]
[Result "0-1"]
[WhiteElo "2092"]
[BlackElo "2285"]
[PlyCount "80"]

1. e4 e5 2. Nf3 Nf6 3. Nc3 Nc6 4. Bb5 Bb4 5. O-O O-O 6. Re1 d6 7. h3 Ne7 8. a3
Bxc3 9. bxc3 c6 10. Ba4 d5 11. Nxe5 Nxe4 12. Bb3 Qd6 13. d4 Ng6 14. Nxg6 Qxg6
15. Qf3 Bf5 16. c4 dxc4 17. Bxc4 Nd6 18. Bd3 Bxd3 19. Qxd3 Qxd3 20. cxd3 Rfe8
21. Bf4 Nb5 22. Rxe8+ Rxe8 23. Be3 a6 24. a4 Nc3 25. a5 f6 26. Kf1 Kf7 27. Rc1
Nb5 28. Rc5 Rd8 29. Rc4 Rd5 30. Ke2 Nc7 31. Bd2 Rb5 32. Rb4 Ke6 33. g4 Kd5 34.
Ke3 Ke6 35. Ke4 Nd5 36. Rc4 Rb2 37. Be3 g6 38. Rc1 Ra2 39. Rc5 Ra3 40. Bd2 f5+
0-1

[Event "Bad Woerishofen op"]
[Site "?"]
[Date "2005.03.07"]
[Round "5"]
[White "Heinig, Dr. Wolfram"]
[Black "Kveinys, Aloyzas"]
[Result "0-1"]
[WhiteElo "2269"]
[BlackElo "2518"]
[PlyCount "92"]

1. Nf3 c5 2. c4 g6 3. g3 Bg7 4. Bg2 Nc6 5. Nc3 e6 6. O-O Nge7 7. a3 O-O 8. d3
d6 9. Bd2 Qd7 10. Rb1 b6 11. b4 Bb7 12. e3 Rac8 13. Qe2 Nf5 14. Rfc1 Rfd8 15.
Ne1 h5 16. Nd1 Ne5 17. Bxb7 Qxb7 18. f4 Ng4 19. Nf2 Nxf2 20. Kxf2 e5 21. Qf3
Qe7 22. Ng2 Re8 23. Re1 e4 24. dxe4 Qxe4 25. Qxe4 Rxe4 26. Rec1 Ne7 27. Kf3 f5
28. Ne1 cxb4 29. Rxb4 Nc6 30. Rb5 Nd8 31. Rd5 Nb7 32. Bb4 Rc6 33. Nd3 a5 34.
Bd2 Rexc4 35. Rxc4 Rxc4 36. Rb5 Rc6 37. e4 Nc5 38. Nxc5 dxc5 39. e5 a4 40. Ke3
Bf8 41. Bc1 Kf7 42. Kd3 c4+ 43. Kc3 Bc5 44. Rb1 Ke6 45. Bb2 b5 46. Rd1 Be7 0-1

[Event "Bad Woerishofen op"]
[Site "?"]
[Date "2005.03.07"]
[Round "5"]
[White "Zaragatski, Ilja"]
[Black "Eingorn, Vereslav"]
[Result "0-1"]
[WhiteElo "2344"]
[BlackElo "2587"]
[PlyCount "114"]

1. e4 c5 2. Nf3 e6 3. Nc3 a6 4. d4 cxd4 5. Nxd4 Qc7 6. Bd3 Nc6 7. Be3 Nf6 8.
O-O b5 9. Nxc6 Qxc6 10. a3 Bb7 11. Re1 Be7 12. Qf3 Qc7 13. Qh3 h5 14. Bd4 Qd6
15. Be3 Ng4 16. Bd2 Bf6 17. Rf1 Qb6 18. Be2 g5 19. Rad1 Be5 20. Bxg5 f6 21.
Bxg4 fxg5 22. Bxh5+ Ke7 23. Qg4 Rag8 24. Rd3 Rg7 25. Rfd1 d6 26. Rf3 Qd8 27.
Ne2 Qg8 28. Nd4 Rxh5 29. Qxh5 Rh7 30. Qg4 Rh4 31. Qxe6+ Qxe6 32. Nxe6 Kxe6 33.
c3 Bxh2+ 34. Kf1 Be5 35. Re3 g4 36. g3 Rh1+ 37. Ke2 Rh8 38. Re1 a5 39. Kd2 a4
40. Kc1 Ke7 41. Rd1 Bc6 42. Ree1 Rh2 43. Rd2 Rh7 44. Rdd1 Bf6 45. Kc2 Ke6 46.
Kd3 Ke5 47. Rc1 Bg5 48. Rcd1 Rf7 49. Ke2 Bxe4 50. Rd4 d5 51. Rb4 Rb7 52. Rd4
Rb8 53. Rf1 Kd6 54. Re1 Re8 55. Kf1 Bf6 56. Rdd1 Kc5 57. Re3 Bg5 0-1

[Event "Bad Woerishofen op"]
[Site "?"]
[Date "2005.03.07"]
[Round "5"]
[White "Wang, Rui"]
[Black "Riedel, Dr. Holger"]
[Result "1-0"]
[WhiteElo "2478"]
[BlackElo "2275"]
[PlyCount "133"]

1. d4 f5 2. g3 Nf6 3. Bg2 g6 4. Nh3 Bg7 5. Nf4 O-O 6. h4 Nc6 7. h5 e5 8. dxe5
Nxe5 9. hxg6 hxg6 10. Bd5+ Nxd5 11. Qxd5+ Rf7 12. Ne6 Qe7 13. Nxc7 Rb8 14. Nb5
d6 15. Qxd6 Qxd6 16. Nxd6 Re7 17. Nxc8 Rxc8 18. Na3 b5 19. O-O b4 20. Nb5 Nc4
21. e3 Nxb2 22. a3 Rxc2 23. axb4 Nd3 24. Nd4 Bxd4 25. exd4 Ree2 26. Be3 Nxb4
27. Rxa7 Nd5 28. Rb1 Rb2 29. Rxb2 Rxb2 30. Bh6 Nc3 31. Rg7+ Kh8 32. Re7 Ne4 33.
Be3 Rb5 34. Kg2 g5 35. g4 Nc3 36. Bxg5 fxg4 37. Bf6+ Kg8 38. Rg7+ Kf8 39. Rxg4
Kf7 40. Be5 Nd5 41. Rh4 Ke6 42. Kf3 Rb1 43. Rh8 Kf5 44. Rf8+ Ke6 45. Rd8 Rb5
46. Kg4 Rb6 47. Rh8 Rb2 48. Rh6+ Kf7 49. Rd6 Ne7 50. f4 Rg2+ 51. Kf3 Rd2 52.
Rh6 Rd1 53. Ke2 Rb1 54. f5 Rb3 55. Rh7+ Ke8 56. f6 Nf5 57. Kf2 Rd3 58. Rh8+ Kf7
59. Rh7+ Ke8 60. Ke2 Re3+ 61. Kd2 Rf3 62. d5 Rf1 63. Ke2 Rb1 64. d6 Rb5 65. d7+
Kd8 66. f7 Rxe5+ 67. Kf2 1-0

[Event "Bad Woerishofen op"]
[Site "?"]
[Date "2005.03.08"]
[Round "5"]
[White "Espig, Lutz"]
[Black "Mertens, Heiko"]
[Result "1-0"]
[WhiteElo "2432"]
[BlackElo "2235"]
[PlyCount "117"]

1. Nf3 Nf6 2. c4 d6 3. d4 Bg4 4. Nc3 Nbd7 5. e4 c6 6. Be2 e5 7. O-O Be7 8. Be3
O-O 9. Rb1 a5 10. d5 Qc7 11. Nd2 Bxe2 12. Qxe2 Rfc8 13. Rfc1 h6 14. g3 Re8 15.
b3 Nh7 16. h4 Qc8 17. a3 Ndf6 18. f3 Nh5 19. Kg2 Nf8 20. Qf2 Ng6 21. Ne2 c5 22.
Rh1 Qd8 23. Nf1 Rf8 24. Kg1 b6 25. Bd2 Rb8 26. Ne3 b5 27. cxb5 Rxb5 28. a4 Rb8
29. Nc4 Ra8 30. Ne3 Rb8 31. Qe1 Ra8 32. Nf5 Kh7 33. Nc3 c4 34. bxc4 Rc8 35. Ne3
Nxg3 36. Qxg3 Bxh4 37. Qg4 Bg5 38. Ncd1 Nf4 39. Rb5 Kg8 40. Bxa5 Qe7 41. Kf1
Qa7 42. Rh2 Rb8 43. Rhb2 Rxb5 44. Rxb5 Qd4 45. Rb3 Ra8 46. Be1 Rxa4 47. Rb8+
Kh7 48. Qf5+ Ng6 49. Qxf7 Qd3+ 50. Kg2 Qe2+ 51. Bf2 Nf4+ 52. Kh2 Ra7 53. Qxa7
Nd3 54. Qf7 Bf4+ 55. Kg1 h5 56. Qxh5+ Bh6 57. Qf5+ g6 58. Rb7+ Bg7 59. Qf7 1-0

[Event "Bad Woerishofen op"]
[Site "?"]
[Date "2005.03.08"]
[Round "5"]
[White "Haub, Thorsten-Michael"]
[Black "Stabolewski, Andreas"]
[Result "1-0"]
[WhiteElo "2422"]
[BlackElo "2227"]
[PlyCount "79"]

1. Nf3 c5 2. g3 Nc6 3. Bg2 e5 4. d3 g6 5. O-O Bg7 6. c3 Nge7 7. e4 d5 8. Nbd2
O-O 9. exd5 Nxd5 10. Re1 Re8 11. a4 h6 12. Nc4 Rb8 13. Nfd2 Be6 14. a5 Re7 15.
Qa4 Qc7 16. Ne4 b5 17. axb6 axb6 18. Ned6 Na7 19. Qa6 b5 20. Ne3 Rb6 21. Nxd5
Bxd5 22. Qxa7 Qxd6 23. Qa5 Bxg2 24. Kxg2 Rd7 25. Rd1 Qc6+ 26. Kg1 Rb8 27. Be3
Rbd8 28. Qa6 Qxa6 29. Rxa6 c4 30. Rb6 Rd5 31. Kf1 cxd3 32. Ra1 R8d7 33. Ke1 d2+
34. Kd1 Kh7 35. Ra5 h5 36. Raxb5 Rd3 37. Rb7 e4 38. c4 f5 39. c5 Rd8 40. Ra5 {
ZÜ} 1-0

[Event "Bad Woerishofen op"]
[Site "?"]
[Date "2005.03.??"]
[Round "6"]
[White "Eingorn, Vereslav"]
[Black "Slaby, Jerzy"]
[Result "1/2-1/2"]
[WhiteElo "2587"]
[BlackElo "2401"]
[PlyCount "36"]

1. c4 Nf6 2. Nc3 g6 3. g3 Bg7 4. Bg2 O-O 5. d4 d6 6. h3 c5 7. dxc5 dxc5 8. Qxd8
Rxd8 9. Be3 Na6 10. Rc1 Ne8 11. b3 Nd6 12. g4 Bd7 13. Nf3 Bc6 14. O-O Ne4 15.
Nxe4 Bxe4 16. Ne1 Bxg2 17. Kxg2 Bd4 18. Bxd4 Rxd4 1/2-1/2

[Event "Bad Woerishofen op"]
[Site "?"]
[Date "2005.03.08"]
[Round "6"]
[White "Michalczak, Thomas"]
[Black "Savchenko, Stanislav"]
[Result "1/2-1/2"]
[WhiteElo "2376"]
[BlackElo "2505"]
[PlyCount "32"]

1. e4 c5 2. c3 Nf6 3. e5 Nd5 4. Nf3 Nc6 5. d4 cxd4 6. cxd4 d6 7. Bc4 Nb6 8. Bb5
dxe5 9. Nxe5 Bd7 10. Nc3 Nxe5 11. dxe5 Bxb5 12. Nxb5 Qxd1+ 13. Kxd1 Nd5 14. Bd2
a6 15. Nc3 Nxc3+ 16. Bxc3 e6 1/2-1/2

[Event "Bad Woerishofen op"]
[Site "?"]
[Date "2005.03.08"]
[Round "6"]
[White "Heika, Martin"]
[Black "Oberhofer, Max"]
[Result "1-0"]
[WhiteElo "2364"]
[BlackElo "2214"]
[PlyCount "43"]

1. e4 g6 2. d4 Bg7 3. Nf3 d6 4. c3 Nf6 5. Bd3 O-O 6. h3 c5 7. Be3 cxd4 8. cxd4
Nc6 9. Nc3 Bd7 10. O-O a6 11. Rc1 Rc8 12. Qd2 Na5 13. b3 Nc6 14. Bb1 Na7 15. d5
Nb5 16. Na4 Na3 17. Bd3 Rxc1 18. Rxc1 Bxa4 19. bxa4 b5 20. Qb4 Nc4 21. Bd4 Qa5
22. Rxc4 1-0

[Event "Bad Woerishofen op"]
[Site "?"]
[Date "2005.03.08"]
[Round "6"]
[White "Mainka, Romuald"]
[Black "Babar, Michael"]
[Result "1-0"]
[WhiteElo "2554"]
[BlackElo "2190"]
[PlyCount "31"]

1. e4 c5 2. Nf3 d6 3. c3 g6 4. h3 Bg7 5. d4 cxd4 6. cxd4 Nc6 7. Nc3 Bd7 8. Bc4
a6 9. O-O Qc7 10. Be3 e6 11. Rc1 Nge7 12. d5 Ne5 13. Nxe5 Bxe5 14. dxe6 fxe6
15. Qb3 O-O-O 16. Bxe6 1-0

[Event "Bad Woerishofen op"]
[Site "?"]
[Date "2005.03.08"]
[Round "6"]
[White "Camilleri, Henry"]
[Black "Klett, Thomas"]
[Result "1-0"]
[WhiteElo "2079"]
[BlackElo "1926"]
[PlyCount "33"]

1. e4 e5 2. f4 d5 3. exd5 e4 4. d3 Qxd5 5. Nc3 Bb4 6. Bd2 Bxc3 7. Bxc3 f6 8.
Qe2 Bf5 9. g4 Ne7 10. gxf5 exd3 11. Qg2 dxc2 12. Qxd5 Nxd5 13. Bg2 c6 14. Bxd5
cxd5 15. Kd2 Nc6 16. Nf3 O-O-O 17. Nd4 1-0

[Event "Bad Woerishofen op"]
[Site "?"]
[Date "2005.03.08"]
[Round "6"]
[White "Lamberger, Werner"]
[Black "Skorna, Ullrich"]
[Result "1-0"]
[WhiteElo "2069"]
[BlackElo "2154"]
[PlyCount "55"]

1. Nf3 e6 2. d4 Nf6 3. e3 d5 4. Bd3 Bd6 5. b3 O-O 6. O-O Nbd7 7. Bb2 Qe7 8. Ne5
c6 9. Nd2 Ba3 10. Bxa3 Qxa3 11. f4 c5 12. Qe2 cxd4 13. exd4 b6 14. Ndf3 Bb7 15.
c4 h6 16. Nxd7 Nxd7 17. Ne5 Rad8 18. Ng4 Rfe8 19. Qf2 dxc4 20. Bxc4 h5 21. f5
Qe7 22. Rae1 Nf8 23. f6 Qc7 24. fxg7 hxg4 25. gxf8=Q+ Rxf8 26. Qf6 Rfe8 27. Re5
Rd7 28. Rh5 1-0

[Event "Bad Woerishofen op"]
[Site "?"]
[Date "2005.03.08"]
[Round "6"]
[White "Tiviakov, Sergei"]
[Black "Levin, Felix"]
[Result "1/2-1/2"]
[WhiteElo "2627"]
[BlackElo "2498"]
[PlyCount "61"]

1. e4 e6 2. d4 d5 3. Nd2 c5 4. exd5 Qxd5 5. Ngf3 cxd4 6. Bc4 Qd6 7. O-O Nf6 8.
Nb3 Nc6 9. Nbxd4 Nxd4 10. Nxd4 a6 11. Bb3 Bd7 12. Bg5 O-O-O 13. Re1 Qc5 14. Bf4
Bd6 15. Bxd6 Qxd6 16. c3 Qf4 17. Qe2 h5 18. Rad1 Ng4 19. g3 Qc7 20. h3 Nf6 21.
Qc4 Qxc4 22. Bxc4 Rhe8 23. f4 g6 24. Nf3 Re7 25. Ne5 Be8 26. Rxd8+ Kxd8 27. Kf2
Rc7 28. Bb3 Nd7 29. g4 hxg4 30. hxg4 Nxe5 31. Rxe5 1/2-1/2